Studying leadership : (Record no. 124)

MARC details
000 -LEADER
fixed length control field 02113nam a22004097a 4500
001 - CONTROL NUMBER
control field 17761221
005 - DATE AND TIME OF LATEST TRANSACTION
control field 20230118114949.0
008 - FIXED-LENGTH DATA ELEMENTS--GENERAL INFORMATION
fixed length control field 230118b |||||||| |||| 00| 0 eng d
010 ## - LIBRARY OF CONGRESS CONTROL NUMBER
LC control number 2013941887
015 ## - NATIONAL BIBLIOGRAPHY NUMBER
National bibliography number GBB392795
Source bnb
016 7# - NATIONAL BIBLIOGRAPHIC AGENCY CONTROL NUMBER
Record control number 016515771
Source Uk
020 ## - INTERNATIONAL STANDARD BOOK NUMBER
International Standard Book Number 9781446207970
Qualifying information (pbk.)
020 ## - INTERNATIONAL STANDARD BOOK NUMBER
International Standard Book Number 1446207978
Qualifying information (pbk.)
020 ## - INTERNATIONAL STANDARD BOOK NUMBER
International Standard Book Number 9781446207963
Qualifying information (hbk.)
020 ## - INTERNATIONAL STANDARD BOOK NUMBER
International Standard Book Number 144620796X
Qualifying information (hbk.)
035 ## - SYSTEM CONTROL NUMBER
System control number (OCoLC)ocn878670596
040 ## - CATALOGING SOURCE
Original cataloging agency StDuBDS
Language of cataloging eng
Transcribing agency KMU
Description conventions rda
Modifying agency OCLCO
-- UKMGB
-- OCLCF
-- OCLCQ
-- NLE
-- YDXCP
-- BDX
-- BTCTA
-- Y8N
-- DLC
042 ## - AUTHENTICATION CODE
Authentication code lccopycat
050 00 - LIBRARY OF CONGRESS CALL NUMBER
Classification number HD57.7
Item number .S34 2014
100 1# - MAIN ENTRY--PERSONAL NAME
Personal name Schedlitzki, Doris,
Relator term author.
245 10 - TITLE STATEMENT
Title Studying leadership :
Remainder of title traditional & critical approaches /
Statement of responsibility, etc. Doris Schedlitzki & Gareth Edwards.
264 #1 - PRODUCTION, PUBLICATION, DISTRIBUTION, MANUFACTURE, AND COPYRIGHT NOTICE
Place of production, publication, distribution, manufacture Los Angeles :
Name of producer, publisher, distributor, manufacturer SAGE,
Date of production, publication, distribution, manufacture, or copyright notice 2014.
300 ## - PHYSICAL DESCRIPTION
Extent xxii, 340 pages :
Other physical details illustrations (some colour) ;
Dimensions 24 cm
336 ## - CONTENT TYPE
Content type term text
Content type code txt
Source rdacontent
337 ## - MEDIA TYPE
Media type term unmediated
Media type code n
Source rdamedia
338 ## - CARRIER TYPE
Carrier type term volume
Carrier type code nc
Source rdacarrier
504 ## - BIBLIOGRAPHY, ETC. NOTE
Bibliography, etc. note Includes bibliographical references (pages 301-333) and index.
520 8# - SUMMARY, ETC.
Summary, etc. Written by leading academics, it is a truly comprehensive text, bringing together 15 different areas of Leadership and demonstrating how they are all connected. Each area is critically evaluated, firmly grounded in research and explored in enough depth to appeal to both undergraduate and postgraduate students. This text is structured around a timeline which guides students through the psychological and sociological influences that have led to opposing arguments in the field of Leadership studies to the most current thinking and debates and future perspectives, ensuring a holistic understanding.
650 #0 - SUBJECT ADDED ENTRY--TOPICAL TERM
Topical term or geographic name entry element Leadership.
650 #7 - SUBJECT ADDED ENTRY--TOPICAL TERM
Topical term or geographic name entry element Leadership.
Source of heading or term fast
Authority record control number or standard number (OCoLC)fst00994701
700 1# - ADDED ENTRY--PERSONAL NAME
Personal name Edwards, Gareth
Fuller form of name (Gareth P.),
Relator term author.
856 42 - ELECTRONIC LOCATION AND ACCESS
Materials specified Companion website
Uniform Resource Identifier <a href="http://www.sagepub.co.uk/studyleadership">http://www.sagepub.co.uk/studyleadership</a>
906 ## - LOCAL DATA ELEMENT F, LDF (RLIN)
a 7
b cbc
c copycat
d 2
e ncip
f 20
g y-gencatlg
942 ## - ADDED ENTRY ELEMENTS (KOHA)
Source of classification or shelving scheme Library of Congress Classification
Koha item type Non-Fiction
Suppress in OPAC No
Holdings
Withdrawn status Lost status Source of classification or shelving scheme Damaged status Not for loan Collection Home library Current library Shelving location Date acquired Source of acquisition Total Checkouts Full call number Barcode Date last seen Date last checked out Price effective from Koha item type
    Library of Congress Classification     Non-fiction Kapasa Makasa University Kapasa Makasa University Open Access 17.01.2023 Book Aid International 2 HD 57.7 Sch 2014 748936 19.04.2023 05.04.2023 18.01.2023 Non-Fiction